=LDR 00000nam 2200000 4500 =001 INLIS000000000024427 =005 20130612123020 =008 ***********************************Ind** =035 ##$$0010-061300000024427 =041 ##$$a Ind =082 ##$$a 028.5 =090 ##$$a 028.5, Kes y =100 ##$$a Kessumarjana, A.S =245 ##$$a Yani selalu sehat, A.S Kesumarjana =260 ##$$a 1993 $b Bandung =300 ##$$a 23 hlm, ilus, 23 cm =650 ##$$a Bacaan anak =850 ##$$a NBPNMAT